| 000 | 01571nam a22002417a 4500 | ||
|---|---|---|---|
| 999 |
_c61891 _d61891 |
||
| 003 | Ge_BSU | ||
| 005 | 20240604121311.0 | ||
| 008 | 240604s2024 ge ||||| |||| 00| 0 geo d | ||
| 020 | _a9789941864094 | ||
| 041 | _ageo | ||
| 080 | _a342.732(73) თ-37 | ||
| 100 |
_aთაქთაქიშვილი, ჩიორა _922310 |
||
| 245 |
_aგამოხატვის თავისუფლება : _bამერიკის შეერთებული შტატები, გერმანიის ფედერაციული რესპუბლიკა და საქართველო კანონმდებლობისა და პრაქტიკის ანალიზი / _cჩიორა თაქთაქიშვილი, რევაზ ხოფერია, მაია კოპალეიშვილი. |
||
| 264 |
_aთბილისი : _bთავისუფალი უნივერსიტეტი, _c2024. |
||
| 300 |
_a222 გვ. _b23 სმ. |
||
| 504 | _aბიბლიოგრ. გვ. 211-221 | ||
| 653 | _aადამიანის უფლებათა დაცვა | ||
| 653 | _aგამოხატვის თავისუფლება | ||
| 700 |
_aხოფერია, რევაზ _eავტორი _922311 |
||
| 700 |
_aკოპალეიშვილი, მაია _eავტორი _922312 |
||
| 856 |
_uhttps://ewmi-ruleoflawgeo.org/uploads/files/FreeUni_research.pdf.pdf _yელ. ვერსია |
||
| 942 |
_2udc _cᲬᲘᲒᲜᲘ |
||